000 00556nam a2200205Ia 4500
999 _c29729
_d29729
001 29660
003 PK-LaUMT
005 20221004170205.0
008 140415s9999 xx 000 0 und d
020 _a971-561-006-4
040 _cPK-LaUMT
082 _aW 658.477
_bCAR-D
100 _aW. Nick Carter
245 _aDisaster management
_ba disaster manager's handbook
_cW. Nick Carter
260 _aManila,Philippines:
_bAsian Development Bank,
_c1991
300 _a417 p.
546 _aEN
650 _aDisasters-Management
942 _cWEEDED OUT
_2ddc